Les éléments les plus "tendances" sur Google en France, en 2024 - Statistiques

Statistiques générales
  • Ce quiz a été pris 7 fois
  • Le résultat moyen est 3 sur 10
Statistiques - réponses
# Domaine Réponse % Correct
9 Emploi France Travail
60%
2 Sport Jeux Olympiques de Paris 2024
60%
5 Acteur français Michel Blanc
60%
1 Football Euro 2024
40%
7 Acteur franco/suisse Alain Delon
20%
3 Football Coupe d'Afrique des Nations 2024
20%
4 Politique Election présidentielle américaine 2024
20%
10 Chanteur Kendji Girac
20%
8 Politique Résultat des élections législatives 2024
20%
6 Calendrier/vacances Vacances Scolaires 2024
20%
Aucun quiz correspondant
Distribution des résultats
% des personnes avec chaque résultat
Percentile par nombre de réponses
Votre historique - résultats
Vous n’avez pas pris ce quiz